| 000 | 01212cab a2200181 4500 | ||
|---|---|---|---|
| 001 | ##L131726 | ||
| 008 | 051202n2005 000 0 eng u | ||
| 035 | _a(Sirsi) u131726 | ||
| 041 | 0 | _aeng | |
| 245 | 0 | 0 |
_aLandmark report calls for new focus on value _bConstructing Excellence launches new report 'Be Valuable' |
| 260 | _c2005 | ||
| 490 | 0 | _aConstructing Excellence in the Built Environment, 23 November 2005 | |
| 520 | _aBe Valuable, a new report from Constructing Excellence in the Built Environment (CEBE), calls upon the construction industry to move away from concentrating on the time and cost of new buildings, and instead focus on the value of the building throughout its lifetime, and the needs of its occupants and the wider community. It also calls for greater integration between property, construction and facilities management to encourage the industry to take a long term view. | ||
| 650 | 2 | 4 | _aBE VALUABLE |
| 690 | _aBUILT ENVIRONMENT-CONSTRUCTION MANAGEMENT-CONSTRUCTION VALUE MANAGEMENT | ||
| 856 | 4 | 0 |
_uhttps://www.constructingexcellence.org.uk/sectorforums/buildingestatesforum/projects/project_id61.jsp _zView a summary of the report at www.constructingexcellence.org.uk |
| 942 | _n0 | ||
| 999 |
_c76260 _d76260 |
||